00516nam a22001817a 4500003000400000008004100004020001800045082001900063245007600082260003000158300001300188650002000201650003300221650001800254650001800272700002400290700002000314OSt260327b |||||||| |||| 00| 0 eng d a9781789181326 a363.1929bC95A aAquatic Food Security / cedited by Margaret Crumlish and Rachel Norman a.- UKb: 5M Booksc, 2024 axi,266p. aSocial Sciences aSocial Problems and Services aFood Security aAquatic Foods aCrumlish, Margaret. aNorman, Rachel.